000 00298nam a2200121Ia 4500
008 240521s9999 xx 000 0 und d
020 _a978-0-140-51323-3
041 _aeng
100 _aFLEMINGO CLOHN
245 _aDICTIONARY OF ARCHITECTURE
260 _bPENGUIN BOOKS LTD
300 _aVII+645
999 _c1161881
_d1161881